000 00390pab a2200157 454500
008 180718b1987 xxu||||| |||| 00| 0 eng d
100 _aBenjamin, S.
245 _aStretching the people's housing reources
260 _c1987
300 _a147-59
650 _aHousing - Indonesia
700 _aG.J. De Kruijff
700 _aM.W. Marler
773 _aHabitat International
909 _a9940
999 _c9940
_d9940